[Event "ITA-ch U20"]
[Site "Tarvisio"]
[Date "2023.07.06"]
[Round "6"]
[White "Vommaro, Stanislao"]
[Black "Lin, Boyuan"]
[Result "1-0"]
[WhiteElo "1992"]
[BlackElo "1869"]
[PlyCount "117"]
[EventDate "2023.07.02"]
[EventType "swiss"]
[EventRounds "9"]
[EventCountry "ITA"]
[SourceTitle "EXT 2024"]
[Source "ChessBase"]
[SourceDate "2023.10.10"]
[SourceVersion "1"]
[SourceVersionDate "2023.10.10"]
[SourceQuality "1"]

1. e4 e6 2. d4 d5 3. Nc3 Bb4 4. e5 Qd7 5. a3 Bf8 6. h4 b6 7. h5 h6 8. b4 c6 9. Rb1 Ba6 10. Bxa6 Nxa6 11. Qd3 Nb8 12. Nge2 c5 13. bxc5 bxc5 14. dxc5 Bxc5 15. Be3 Bxe3 16. Qxe3 a6 17. Rh4 Nc6 18. Nd4 Nge7 19. Rh3 Qc7 20. f4 Rc8 21. Nce2 Na5 22. g4 Nc4 23. Qb3 Qa5+ 24. Qb4 0-0 25. Qxa5 Nxa5 26. Rb6 Ra8 27. g5 hxg5 28. fxg5 g6 29. h6 Kh7 30. Nf3 Ra7 31. Ned4 Nc4 32. Rb3 Nf5 33. Nxf5 exf5 34. Rd3 Rd7 35. Rh2 Re8 36. Re2 Kg8 37. Kf2 Kf8 38. Kg3 Rdd8 39. Kf4 Nb6 40. Rb3 Nd7 41. Nd4 Nc5 42. Rb6 Rc8 43. Rd6 Ne6+ 44. Nxe6+ fxe6 45. Rxa6 Rc4+ 46. Kf3 Rg4 47. Rg2 Re4 48. Ra7 Kg8 49. Rg7+ Kh8 50. Rxg6 Rxe5 51. Re2 Rxe2 52. Kxe2 e5 53. Rf6 f4 54. g6 Kg8 55. g7 Rc8 56. Rf8+ Rxf8 57. gxf8Q+ Kxf8 58. a4 Kf7 59. a5 1-0